Journal of economic theory and social development

Detalles Bibliográficos
Autor Corporativo: Nova Science Publishers
Formato: Electrónico Revista
Lenguaje:inglés
Publicado: Hauppage, New York : Nova Science Publishers, Inc., [2012]-
Materias:
Acceso en línea:Full text available from Research Library: 01/01/2012 to 07/31/2012

MARC

LEADER 00000nas a2200000 i 4500
001 ssj0001550065
003 WaSeSS
005 20200512172242.0
006 m d
007 cr n
008 110906c20129999nyuqr p s | a0eng
010 |a  2011203267 
022 |y 2163-386X 
035 |a (WaSeSS)ssj0001550065 
037 |b Nova Science Publishers, Inc., 400 Oser Avenue, Suite 1600, Hauppauge, NY 11788 
040 |a DLC  |b eng  |c DLC  |d DLC  |d OCLCQ  |d OCLCF  |d OCLCO  |d OCLCQ  |d WaSeSS 
042 |a pcc  |a nsdp 
050 0 0 |a HB1  |b .J64527 
082 1 0 |a 330  |2 15 
222 0 |a Journal of economic theory and social development 
245 0 0 |a Journal of economic theory and social development  |h [electronic resource]. 
260 |a Hauppage, New York :  |b Nova Science Publishers, Inc.,  |c [2012]- 
310 |a Quarterly 
362 1 |a Began with v. 1, no. 1 (2012). 
506 |a License restrictions may limit access. 
588 |a Description based on: V. 1, no. 1 (2012); title from cover. 
588 |a Latest issue consulted: V. 1, no. 1 (2012). 
650 0 |a Economics  |v Periodicals. 
650 0 |a Economic development  |x Social aspects  |v Periodicals. 
650 7 |a Economic development  |x Social aspects.  |2 fast  |0 (OCoLC)fst00901865 
650 7 |a Economics.  |2 fast  |0 (OCoLC)fst00902116 
655 0 |a Electronic journals. 
710 2 |a Nova Science Publishers. 
850 |a DLC 
856 4 0 |z Full text available from Research Library: 01/01/2012 to 07/31/2012  |u https://search.proquest.com/publication/2034842